[Event "arco2023"]
[Site "?"]
[Date "2023.10.08"]
[Round "2.48"]
[White "TOMASI, Diego"]
[Black "LIEKENS, Ronny"]
[Result "0-1"]
[BlackElo "1655"]
[WhiteElo "1893"]
[LiveChessVersion "1.4.8"]

1. e4 {[%clk 1:30:56]} c5 {[%clk 1:30:54]} 2. c3 {[%clk 1:31:18]} d5
{[%clk 1:31:16]} 3. exd5 {[%clk 1:31:45]} Qxd5 {[%clk 1:31:40]} 4. Nf3
{[%clk 1:32:02]} Nc6 {[%clk 1:31:51]} 5. Na3 {[%clk 1:31:17]} Nf6
{[%clk 1:31:05]} 6. Be2 {[%clk 1:30:00]} Bg4 {[%clk 1:30:58]} 7. h3
{[%clk 1:28:08]} Bh5 {[%clk 1:30:42]} 8. d4 {[%clk 1:24:44]} e6 {[%clk 1:30:59]}
9. Nb5 {[%clk 1:24:40]} Qd8 {[%clk 1:31:13]} 10. Bg5 {[%clk 1:17:56]} Rc8
{[%clk 1:22:37]} 11. dxc5 {[%clk 1:12:07]} Qxd1+ {[%clk 1:19:36]} 12. Rxd1
{[%clk 1:12:28]} Bxc5 {[%clk 1:18:19]} 13. Be3 {[%clk 1:05:14]} Be7
{[%clk 1:14:23]} 14. a3 {[%clk 0:56:44]} a6 {[%clk 1:12:18]} 15. Nd6+
{[%clk 0:52:41]} Bxd6 {[%clk 1:12:40]} 16. Rxd6 {[%clk 0:53:06]} O-O
{[%clk 1:09:44]} 17. Nd4 {[%clk 0:49:16]} Nxd4 {[%clk 1:04:49]} 18. Bxd4
{[%clk 0:44:34]} Bxe2 {[%clk 1:01:52]} 19. Kxe2 {[%clk 0:43:37]} Rfd8
{[%clk 0:59:15]} 20. Rxd8+ {[%clk 0:43:51]} Rxd8 {[%clk 0:59:41]} 21. Bxf6
{[%clk 0:44:13]} gxf6 {[%clk 1:00:06]} 22. Rd1 {[%clk 0:44:38]} Rxd1
{[%clk 1:00:22]} 23. Kxd1 {[%clk 0:44:57]} f5 {[%clk 1:00:19]} 24. f4
{[%clk 0:44:51]} f6 {[%clk 0:58:55]} 25. g4 fxg4 {[%clk 0:59:01]} 26. hxg4
{[%clk 0:41:41]} Kf7 {[%clk 0:54:29]} 27. Ke2 {[%clk 0:41:15]} Kg6
{[%clk 0:53:16]} 28. Kf3 {[%clk 0:37:44]} h6 {[%clk 0:44:46]} 29. c4
{[%clk 0:37:14]} f5 {[%clk 0:42:36]} 30. gxf5+ {[%clk 0:33:03]} Kxf5
{[%clk 0:42:52]} 31. b4 {[%clk 0:33:26]} e5 {[%clk 0:42:18]} 32. fxe5
{[%clk 0:31:46]} Kxe5 {[%clk 0:42:06]} 33. Ke3 {[%clk 0:25:21]} h5
{[%clk 0:42:03]} 34. a4 {[%clk 0:25:38]} h4 {[%clk 0:37:05]} 35. b5
{[%clk 0:20:13]} Kd6 {[%clk 0:36:48]} 36. a5 {[%clk 0:15:54]} Kc5
{[%clk 0:36:41]} 37. bxa6 {[%clk 0:15:55]} bxa6 {[%clk 0:37:07]} 38. Kf4
{[%clk 0:16:18]} Kxc4 {[%clk 0:37:11]} 0-1

[Event "arco2023"]
[Site "?"]
[Date "2023.10.08"]
[Round "2.49"]
[White "GARLANT, Carlo"]
[Black "CLUYTS, Marc"]
[Result "0-1"]
[BlackElo "1891"]
[WhiteElo "1424"]
[LiveChessVersion "1.4.8"]

1. d4 {[%clk 1:30:55]} Nf6 {[%clk 1:30:50]} 2. Nf3 {[%clk 1:31:05]} e6
{[%clk 1:31:07]} 3. c3 {[%clk 1:30:35]} c5 {[%clk 1:30:30]} 4. Bf4
{[%clk 1:29:13]} d5 {[%clk 1:21:16]} 5. e3 {[%clk 1:27:21]} Nc6 {[%clk 1:13:36]}
6. Bd3 {[%clk 1:26:29]} b6 {[%clk 1:04:59]} 7. Nbd2 {[%clk 1:22:53]} Bb7
{[%clk 0:59:02]} 8. Ne5 {[%clk 1:17:22]} Nxe5 {[%clk 0:56:31]} 9. Bxe5
{[%clk 1:16:53]} Nd7 {[%clk 0:52:23]} 10. Nf3 {[%clk 1:13:18]} c4
{[%clk 0:39:41]} 11. Bc2 {[%clk 1:11:35]} Nxe5 {[%clk 0:39:51]} 12. Nxe5
{[%clk 1:10:58]} a6 {[%clk 0:37:58]} 13. O-O {[%clk 1:00:50]} Bd6
{[%clk 0:33:25]} 14. f4 {[%clk 0:58:37]} g6 {[%clk 0:31:59]} 15. Qe2
{[%clk 0:51:22]} Qe7 {[%clk 0:24:45]} 16. Rac1 {[%clk 0:36:55]} b5
{[%clk 0:19:23]} 17. a3 {[%clk 0:33:27]} a5 {[%clk 0:13:37]} 18. Ra1
{[%clk 0:29:04]} a4 {[%clk 0:10:03]} 19. Qf2 {[%clk 0:25:30]} O-O-O
{[%clk 0:07:55]} 20. Rfe1 {[%clk 0:21:59]} Kc7 {[%clk 0:05:28]} 21. e4
{[%clk 0:19:34]} f6 {[%clk 0:03:51]} 22. Ng4 {[%clk 0:15:18]} dxe4
{[%clk 0:03:27]} 23. Ne3 {[%clk 0:09:35]} f5 {[%clk 0:03:47]} 24. g3
{[%clk 0:07:53]} h6 {[%clk 0:03:55]} 25. Qe2 {[%clk 0:07:59]} Bd5
{[%clk 0:03:35]} 26. Qd1 {[%clk 0:07:38]} g5 {[%clk 0:03:31]} 27. fxg5
{[%clk 0:06:07]} hxg5 {[%clk 0:03:51]} 28. Bxa4 {[%clk 0:03:47]} bxa4
{[%clk 0:03:50]} 29. Qxa4 {[%clk 0:04:09]} Ra8 {[%clk 0:03:04]} 30. Qc2
{[%clk 0:03:25]} Qh7 {[%clk 0:02:16]} 31. Re2 {[%clk 0:02:37]} Bxg3
{[%clk 0:02:01]} 32. Rg2 {[%clk 0:01:23]} Bd6 {[%clk 0:01:38]} 33. a4
{[%clk 0:01:40]} f4 {[%clk 0:01:41]} 34. Ng4 {[%clk 0:00:39]} f3 {[%clk 0:01:41]}
35. Rf2 {[%clk 0:00:41]} Qh3 {[%clk 0:01:33]} 36. Ne3 {[%clk 0:00:37]} g4
{[%clk 0:01:33]} 37. a5 {[%clk 0:00:37]} g3 {[%clk 0:01:32]} 38. Rff1
{[%clk 0:30:30]} f2+ {[%clk 0:31:38]} 0-1

[Event "arco2023"]
[Site "?"]
[Date "2023.10.08"]
[Round "2.51"]
[White "RAPPAZZO, Johannes"]
[Black "GARDINI, Enrico"]
[Result "1-0"]
[BlackElo "1665"]
[WhiteElo "2081"]
[LiveChessVersion "1.4.8"]

1. e4 {[%clk 1:30:57]} c6 {[%clk 1:30:22]} 2. Nc3 {[%clk 1:31:22]} d5
{[%clk 1:30:06]} 3. Nf3 {[%clk 1:31:48]} Bg4 {[%clk 1:29:18]} 4. h3
{[%clk 1:32:14]} Bh5 {[%clk 1:29:23]} 5. exd5 {[%clk 1:31:55]} cxd5
{[%clk 1:29:39]} 6. g4 {[%clk 1:31:40]} Bg6 {[%clk 1:29:58]} 7. Ne5
{[%clk 1:26:40]} Nc6 {[%clk 1:27:46]} 8. d4 {[%clk 1:23:08]} e6 {[%clk 1:27:13]}
9. h4 {[%clk 1:21:41]} f6 {[%clk 1:18:54]} 10. Nxg6 {[%clk 1:21:36]} hxg6
{[%clk 1:19:12]} 11. Qd3 {[%clk 0:56:50]} f5 {[%clk 1:01:16]} 12. Bg5
{[%clk 0:38:42]} Be7 {[%clk 1:00:16]} 13. Bxe7 {[%clk 0:38:13]} Qxe7
{[%clk 0:59:30]} 14. g5 {[%clk 0:28:01]} Qb4 {[%clk 0:57:16]} 15. O-O-O
{[%clk 0:26:38]} O-O-O {[%clk 0:56:03]} 16. Ne2 {[%clk 0:15:19]} Nge7
{[%clk 0:52:35]} 17. a3 {[%clk 0:08:33]} Qd6 {[%clk 0:48:58]} 18. Qe3
{[%clk 0:08:06]} Na5 {[%clk 0:42:32]} 19. Nf4 {[%clk 0:07:43]} Kd7
{[%clk 0:34:59]} 20. Bb5+ {[%clk 0:06:48]} Nac6 {[%clk 0:34:37]} 21. Rde1
{[%clk 0:06:48]} a6 {[%clk 0:31:51]} 22. Bxc6+ {[%clk 0:07:02]} Nxc6
{[%clk 0:27:55]} 23. Nxg6 {[%clk 0:06:26]} Rhe8 {[%clk 0:26:47]} 24. h5
{[%clk 0:05:44]} Rc8 {[%clk 0:24:33]} 25. h6 {[%clk 0:04:57]} Ne7
{[%clk 0:23:44]} 26. Ne5+ {[%clk 0:05:07]} Kc7 {[%clk 0:23:00]} 27. h7
{[%clk 0:02:54]} Kb8 {[%clk 0:21:32]} 28. c3 {[%clk 0:02:06]} Qc7
{[%clk 0:20:44]} 29. Rh3 {[%clk 0:02:18]} Nc6 {[%clk 0:15:36]} 30. Ng6
{[%clk 0:02:04]} Qf7 {[%clk 0:15:34]} 31. h8=Q {[%clk 0:02:03]} Rxh8
{[%clk 0:12:42]} 32. Nxh8 {[%clk 0:02:27]} 1-0

[Event "arco2023"]
[Site "?"]
[Date "2023.10.08"]
[Round "2.52"]
[White "CARDILI, Mariano"]
[Black "GNEO, Marco"]
[Result "1-0"]
[BlackElo "1654"]
[WhiteElo "2008"]
[LiveChessVersion "1.4.8"]

1. d4 {[%clk 1:30:54]} Nf6 {[%clk 1:30:56]} 2. c4 {[%clk 1:31:18]} g6
{[%clk 1:31:22]} 3. Nc3 {[%clk 1:31:34]} Bg7 {[%clk 1:31:47]} 4. e4
{[%clk 1:31:39]} d6 {[%clk 1:32:11]} 5. Nf3 {[%clk 1:32:01]} O-O {[%clk 1:31:43]}
6. Be2 {[%clk 1:32:23]} e5 {[%clk 1:31:20]} 7. O-O {[%clk 1:32:37]} Nc6
{[%clk 1:31:28]} 8. d5 {[%clk 1:32:27]} Ne7 {[%clk 1:31:20]} 9. Ne1
{[%clk 1:32:43]} Nd7 {[%clk 1:31:26]} 10. Be3 {[%clk 1:32:53]} f5
{[%clk 1:31:41]} 11. f3 {[%clk 1:33:16]} f4 {[%clk 1:31:09]} 12. Bf2
{[%clk 1:33:38]} g5 {[%clk 1:28:14]} 13. a4 {[%clk 1:33:40]} Nf6 {[%clk 1:24:56]}
14. Nd3 {[%clk 1:30:38]} h5 {[%clk 1:23:03]} 15. c5 {[%clk 1:30:12]} g4
{[%clk 1:20:46]} 16. cxd6 {[%clk 1:30:08]} cxd6 {[%clk 1:21:06]} 17. Rc1
{[%clk 1:28:35]} a6 {[%clk 1:20:59]} 18. b4 {[%clk 1:16:49]} gxf3
{[%clk 1:13:54]} 19. Bxf3 {[%clk 1:15:13]} Ng4 {[%clk 1:11:43]} 20. h3
{[%clk 1:03:30]} Nxf2 {[%clk 1:05:25]} 21. Rxf2 {[%clk 1:03:59]} h4
{[%clk 1:04:04]} 22. Rfc2 {[%clk 0:53:52]} Ng6 {[%clk 0:59:08]} 23. Kh1
{[%clk 0:52:47]} Qg5 {[%clk 0:59:10]} 24. Ne2 {[%clk 0:46:26]} Kh8
{[%clk 0:55:06]} 25. Rc7 {[%clk 0:43:09]} Rb8 {[%clk 0:43:01]} 26. Nf2
{[%clk 0:41:44]} Ne7 {[%clk 0:38:59]} 27. Ng1 {[%clk 0:37:14]} Rg8
{[%clk 0:37:04]} 28. Bg4 {[%clk 0:31:30]} Bf6 {[%clk 0:30:52]} 29. Nf3
{[%clk 0:27:58]} Qg6 {[%clk 0:30:38]} 30. Nh2 {[%clk 0:27:49]} Qg5
{[%clk 0:29:15]} 31. Qf3 {[%clk 0:27:21]} Bxg4 {[%clk 0:26:51]} 32. Nfxg4
{[%clk 0:24:39]} Bg7 {[%clk 0:14:10]} 33. Qe2 {[%clk 0:24:18]} Rbc8
{[%clk 0:13:28]} 34. Nf3 {[%clk 0:24:06]} Qh5 {[%clk 0:12:56]} 35. Qe1
{[%clk 0:22:47]} Rxc7 {[%clk 0:11:26]} 36. Rxc7 {[%clk 0:23:05]} Ng6 37. Rxb7 1-0